Stupid Love - Lady Gaga (All Lyrics) - Statistics

General Stats
  • This quiz has been taken 17 times
  • The average score is 172 of 229
Answer Stats
Lyrics % Correct
I
100%
want
100%
you.
100%
your
100%
a
92%
love.
92%
love,
92%
love
92%
me
92%
me.
92%
me.)
92%
all
85%
All
85%
for.
85%
for
85%
now.
85%
Now
85%
one
85%
stupid
85%
that
85%
the
85%
at
77%
been
77%
ever
77%
in
77%
I've
77%
(Look
77%
Look
77%
this
77%
to
77%
You're
77%
'Cause
69%
don't
69%
down,
69%
down.
69%
Get
69%
get
69%
got
69%
Gotta
69%
gotta
69%
if
69%
it
69%
it's
69%
time
69%
waiting
69%
wanted
69%
was
69%
door.
62%
faith
62%
free
62%
from
62%
have
62%
heal
62%
need
62%
open
62%
out,
62%
out.
62%
reason.
62%
break
54%
could
54%
crying.
54%
Freak
54%
freak
54%
gonna
54%
Not
54%
pain?
54%
quit
54%
believe,
46%
(Even
46%
hard
46%
is
46%
Nobody's
46%
Or
46%
sorry,
46%
we
46%
We
46%
find
38%
late?
38%
protect
38%
too
38%
two.)
38%
would
38%
Kinda
31%
peace,
31%
shame.
23%
battle
15%
No matching quizzes found
Score Distribution
Percent of People with Each Score
Percentile by Number Answered
Your Score History
You have not taken this quiz